The handbook of biological therapy : a guide to the use and safety of biological therapies in rheumatology, dermatology, and gastroenterology /

Bibliographic Details
Other Authors: Kirkham, Bruce
Format: Book
Language:English
Published: Oxford ; New York : Oxford University Press, 2008.
Subjects:

MARC

Tag First Indicator Second Indicator Subfields
LEADER 00000cam a2200000 a 4500
001 in00004510721
005 20191204153420.0
008 080603s2008 uk a b 001 0 eng
015 |a GBA898115  |2 bnb 
016 7 |a 014691058  |2 Uk 
020 |a 9780199208166 (pbk.) 
020 |a 0199208166 (pbk.) 
035 |a (OCoLC)ocn233545995 
035 |a (OCoLC)233545995 
035 |z (UtOrBLW)48158 
035 |a 68685 
040 |a UKM  |c UKM  |d BTCTA  |d YDXCP  |d BWKUK  |d BWK  |d BWX  |d IXA  |d TMV  |d UtOrBLW 
042 |a ukblcatcopy 
049 |a TMVM  |c 1 
050 4 |a RM301.4  |b .H36 2008 
060 4 |a WB 365  |b H236 2008 
082 0 4 |a 615.7  |2 22 
245 0 4 |a The handbook of biological therapy :  |b a guide to the use and safety of biological therapies in rheumatology, dermatology, and gastroenterology /  |c Bruce Kirkham [and others]. 
264 1 |a Oxford ;  |a New York :  |b Oxford University Press,  |c 2008. 
300 |a xiv, 155 pages :  |b illustrations ;  |c 24 cm. 
336 |a text  |2 rdacontent  |b txt 
337 |a unmediated  |2 rdamedia 
338 |a volume  |2 rdacarrier  |b nc 
504 |a Includes bibliographical references and index. 
650 0 |a Biological products  |x Therapeutic use. 
650 0 |a Tumor necrosis factor  |x Inhibitors. 
650 2 |a Biological Therapy. 
650 2 |a Tumor Necrosis Factors  |x therapeutic use. 
700 1 |a Kirkham, Bruce. 
999 |a MARS 
999 f f |s b947f7e6-a219-3f86-a312-37553ed2cc54  |i a6762a79-d82c-35ba-b785-06dc5d9cc314  |t 0 
952 f f |p ric  |a Texas A&M University  |b Rellis Campus  |c Joint Library Facility  |d Remote Storage  |t 0  |e WB 365 H236 2008  |h National Library of Medicine classification  |i unmediated -- volume  |m 3238902072441 
998 f f |a WB 365 H236 2008  |t 0  |l Remote Storage